00744nam a22002057a 4500003000900000008004100009020002200050040007100072082001700143100001900160245010300179260003600282300005700318505008400375650000900459650001700468650001500485650001900500700001900519AR-CdUCM190320b ||||| |||| 00| 0 spa d a978-99954-824-8-0 aMUNICIPALIDAD PROVINCIAL DEL CUSCOcBIBLIOTECA MUNICIPAL DEL CUSCO a633.7 /bK94 aSeki, Kunihiro aCoca: un biobanco :bInvestigacion cientifica sobre alimentación, curación, y regeneración / aLa Paz :bt´ika & teko,c2013. a24 paginas;btablas, dibujos, ilustraciones,c20 cm. aContenido: hoja de coca -- droga -- nutrientes -- clorofila -- masticación... aCoca aAlimenticios aCuarción aRegeneración aNishi, Yoshito